Advanced Accounting (Record no. 209649)

MARC details
000 -LEADER
fixed length control field 00543nam a22001937a 4500
005 - DATE AND TIME OF LATEST TRANSACTION
control field 20250224113603.0
010 ## - LCCN (DPL NO)
LC control number ENG-143774
020 ## - INTERNATIONAL STANDARD BOOK NUMBER
Terms of availability 185.00
International Standard Book Number 8121400961
035 ## - SYSTEM CONTROL NUMBER
System control number EN-127306
037 ## - SOURCE OF ACQUISITION
Source of stock number/acquisition DBAD
082 ## - DEWEY DECIMAL CLASSIFICATION NUMBER
Classification number 657.48
Edition number 1ST
100 ## - MAIN ENTRY--PERSONAL NAME
Personal name Ahuja,Girish
Dates associated with a name 2009
245 ## - TITLE STATEMENT
Title Advanced Accounting
Medium Enlish
260 ## - PUBLICATION, DISTRIBUTION, ETC. (IMPRINT)
Place of publication, distribution, etc Delhi
Name of publisher, distributor, etc Shweta Bajaj
Date of publication, distribution, etc 2009
270 ## - ADDRESS
Address 2/35 Ansari Road, Darya Ganj
City New Delhi
Postal code 110002
Telephone number 23254407
300 ## - PHYSICAL DESCRIPTION
Extent 490p.
Dimensions 24cm(pbk)
700 ## - ADDED ENTRY--PERSONAL NAME
9 (RLIN) 68035
942 ## - ADDED ENTRY ELEMENTS (KOHA)
Source of classification or shelving scheme Dewey Decimal Classification
Item type English Books
Classification part 657.48
Call number suffix AHU
Edition 1st
Holdings
Withdrawn status Lost status Not for loan Collection code Home library Current library Date acquired Source of acquisition Cost, normal purchase price Full call number Barcode Copy number Koha item type
      Fiction Central Library Central Library 24/02/2025 DBAD 185.00 657.48 AHU EN-127306 1 English Books

© Delhi Public Library
Hit Counter
free hit counter